[Event "Landesklasse Ost 2015/2016"]
[Site "?"]
[Date "2016.04.17"]
[Round "8"]
[White "Skarus, Steffen"]
[Black "Zeising, Benjamin"]
[Result "1/2-1/2"]
[WhiteElo "1768"]
[BlackElo "1821"]
[PlyCount "39"]
[EventDate "2016.??.??"]
[WhiteTeam "SV Jenapharm Jena"]
[BlackTeam "SG Arnstadt-Stadtilm"]

1. c4 e6 2. g3 d5 3. Bg2 c5 4. cxd5 exd5 5. Nf3 Nf6 6. O-O Be6 7. d4 Qb6 8. Nc3
cxd4 9. Nxd4 Nc6 10. Nxe6 fxe6 11. e4 d4 12. Na4 Qa5 13. Bd2 Bb4 14. Bxb4 Qxb4
15. Rc1 O-O 16. a3 Qb5 17. Rc5 Qa6 18. Re1 b5 19. Bf1 Qxa4 20. Qxa4 1/2-1/2

[Event "Landesklasse Ost 2015/2016"]
[Site "?"]
[Date "2016.04.17"]
[Round "8"]
[White "Riedel, Erich"]
[Black "Hesse, Norbert"]
[Result "1-0"]
[WhiteElo "1643"]
[BlackElo "1715"]
[PlyCount "120"]
[EventDate "2016.??.??"]
[WhiteTeam "SG Arnstadt-Stadtilm"]
[BlackTeam "SV Jenapharm Jena"]

1. g3 Nf6 2. Bg2 d5 3. Nf3 e6 4. O-O c5 5. d3 Be7 6. Nbd2 O-O 7. e4 dxe4 8.
Nxe4 Nc6 9. Nfd2 Bd7 10. Nxf6+ Bxf6 11. Ne4 Be7 12. Be3 b6 13. f4 Rc8 14. a4
Nd4 15. b3 Bc6 16. Rf2 Nf5 17. Bd2 Bf6 18. Nxf6+ Qxf6 19. Bxc6 Rxc6 20. g4 Nd6
21. Qe1 Rd8 22. Bc3 Qg6 23. Rg2 Ne8 24. Qe2 Rcd6 25. Rf1 f6 26. h4 Qf7 27. g5
f5 28. h5 g6 29. hxg6 hxg6 30. Rh2 Ng7 31. Rf3 Nh5 32. Bb2 Rd4 33. Bxd4 Rxd4
34. Qe3 Qe7 35. Rg2 Kf7 36. Kf2 Qc7 37. Qe5 Qd7 38. Ke2 Qd8 39. Kf1 Rd5 40. Qe1
Qd6 41. Rgf2 Rd4 42. Qe5 Qd8 43. Qe3 Qd7 44. c3 Rd5 45. Rd2 Qc7 46. d4 c4 47.
b4 a6 48. Qf2 Qd7 49. Ra2 Qc7 50. Qh2 Rd8 51. a5 b5 52. Re2 Qc8 53. Re5 Rh8 54.
Qg2 Qc6 55. Rf2 Qc7 56. Qf3 Ng7 57. Rc5 Qd7 58. Rc6 Rh3 59. Qxh3 Qxc6 60. Qg2
Qc8 1-0

[Event "Landesklasse Ost 2015/2016"]
[Site "?"]
[Date "2016.04.17"]
[Round "8"]
[White "Asmykovich, Ihar"]
[Black "Jank, Kevin"]
[Result "1-0"]
[WhiteElo "1669"]
[BlackElo "1728"]
[PlyCount "79"]
[EventDate "2016.??.??"]
[WhiteTeam "SV Jenapharm Jena"]
[BlackTeam "SG Arnstadt-Stadtilm"]

1. d4 d5 2. c4 e6 3. Nc3 c6 4. e4 dxe4 5. f3 e3 6. Bxe3 Nf6 7. Bd3 Bd6 8. Nge2
Qc7 9. Qc2 Nbd7 10. O-O-O e5 11. Ng3 O-O 12. Nf5 exd4 13. Bxd4 Be5 14. g4 Bxd4
15. Nxd4 Qf4+ 16. Kb1 Ne5 17. Nce2 Qe3 18. h4 Nxd3 19. Rxd3 Qf2 20. h5 c5 21.
Nf4 Qxc2+ 22. Nxc2 Re8 23. g5 Nd7 24. Nd5 Re2 25. f4 Nf8 26. Nce3 Ne6 27. h6
Nd4 28. hxg7 Nf5 29. Nf6+ Kxg7 30. Rxh7+ Kg6 31. Neg4 Nd4 32. Kc1 Bxg4 33. Rh6+
Kf5 34. Rg3 Re1+ 35. Kd2 Rd1+ 36. Ke3 Be2 37. Nd5 Re8+ 38. Kf2 Re6 39. Ne3+
Rxe3 40. Rf6+ 1-0

[Event "Landesklasse Ost 2015/2016"]
[Site "?"]
[Date "2016.04.17"]
[Round "8"]
[White "Schumacher, Andreas"]
[Black "Reinsch, Martin"]
[Result "1/2-1/2"]
[WhiteElo "1732"]
[BlackElo "1647"]
[PlyCount "81"]
[EventDate "2016.??.??"]
[WhiteTeam "SG Arnstadt-Stadtilm"]
[BlackTeam "SV Jenapharm Jena"]

1. d4 Nf6 2. c4 c5 3. d5 b5 4. b3 bxc4 5. bxc4 d6 6. Qc2 g6 7. Nd2 Bg7 8. Bb2
O-O 9. g3 Qa5 10. Bc3 Qa6 11. Bg2 Nbd7 12. Rc1 Nb6 13. Ba1 Bd7 14. Ngf3 Rab8
15. O-O Rb7 16. e4 Rfb8 17. Nb3 Na4 18. Nfd2 Rb4 19. f4 Nb6 20. Bb2 Ra4 21. Ra1
Nxc4 22. Nxc4 Rxc4 23. Qb1 Rbb4 24. Re1 Ra4 25. Bf1 Bb5 26. Bxc4 Bxc4 27. Nc1
Qa5 28. Nb3 Qb5 29. Nc1 Rb4 30. Nb3 Bxb3 31. axb3 Rxb3 32. Ra2 c4 33. Qc2 Qc5+
34. Kg2 Ng4 35. Bc1 Bd4 36. Qe2 Nf2 37. Rc2 Nd3 38. Rf1 a5 39. Rf3 a4 40. Bd2
a3 41. Be1 1/2-1/2

[Event "Landesklasse Ost 2015/2016"]
[Site "?"]
[Date "2016.04.17"]
[Round "8"]
[White "Auerswald, Klaus"]
[Black "Rudolf, Robby"]
[Result "1-0"]
[WhiteElo "1551"]
[BlackElo "1501"]
[PlyCount "45"]
[EventDate "2016.??.??"]
[WhiteTeam "SV Jenapharm Jena"]
[BlackTeam "SG Arnstadt-Stadtilm"]

1. e4 c5 2. Nc3 a6 3. Nf3 Nc6 4. d4 cxd4 5. Nxd4 e6 6. Nxc6 bxc6 7. e5 Bb7 8.
Bd3 Qa5 9. f4 Bc5 10. Bd2 Qb6 11. Qe2 Bd4 12. Na4 Qa7 13. c3 Bb6 14. Nxb6 Qxb6
15. Be3 Qc7 16. O-O Ne7 17. Bc5 Qd8 18. Rad1 O-O 19. f5 exf5 20. Bxf5 Bc8 21.
Bb1 Rb8 22. Qd3 g6 23. Qd6 1-0

[Event "Landesklasse Ost 2015/2016"]
[Site "?"]
[Date "2016.04.17"]
[Round "8"]
[White "Link, Sandro"]
[Black "Griechen, Harry"]
[Result "0-1"]
[WhiteElo "793"]
[BlackElo "1626"]
[PlyCount "48"]
[EventDate "2016.??.??"]
[WhiteTeam "SG Arnstadt-Stadtilm"]
[BlackTeam "SV Jenapharm Jena"]

1. d4 g6 2. Nf3 Bg7 3. Bf4 Nf6 4. e3 d6 5. Bc4 O-O 6. O-O Nbd7 7. Nc3 a6 8. h3
Nh5 9. Bh2 e5 10. a3 b5 11. Bd3 Bb7 12. d5 f5 13. e4 fxe4 14. Bxe4 Ndf6 15. Qd3
Nxe4 16. Qxe4 Nf4 17. g3 Nxh3+ 18. Kg2 Ng5 19. Nxg5 Qxg5 20. f3 Bc8 21. f4 exf4
22. Kh1 fxg3 23. Bg1 Qh5+ 24. Kg2 Qh3# 0-1

[Event "Landesklasse Ost 2015/2016"]
[Site "?"]
[Date "2016.04.17"]
[Round "8"]
[White "Schlierf, Andre"]
[Black "Pichl, Michael"]
[Result "0-1"]
[WhiteElo "1859"]
[BlackElo "1961"]
[PlyCount "60"]
[EventDate "2016.??.??"]
[WhiteTeam "Schachklub Weida"]
[BlackTeam "SV Empor Erfurt"]

1. c4 g6 2. Nc3 Bg7 3. g3 c5 4. Bg2 Nc6 5. d3 Nf6 6. e4 O-O 7. f4 d6 8. Nf3 a6
9. O-O Rb8 10. Rb1 b5 11. b3 Nd4 12. Nd5 Nxd5 13. cxd5 e6 14. dxe6 Bxe6 15. Be3
b4 16. Qd2 a5 17. Qf2 Nxf3+ 18. Bxf3 f5 19. d4 fxe4 20. Bxe4 d5 21. Bf3 c4 22.
g4 c3 23. Qg2 Kh8 24. Be2 Rb7 25. Bd3 Rff7 26. Rbd1 Qd6 27. Bc2 Bh6 28. g5 Bg7
29. h4 Bf5 30. Bxf5 Rxf5 0-1

[Event "Landesklasse Ost 2015/2016"]
[Site "?"]
[Date "2016.04.17"]
[Round "8"]
[White "Taudte, Stefan"]
[Black "Künzel, Andre"]
[Result "1-0"]
[WhiteElo "1947"]
[BlackElo "1905"]
[PlyCount "65"]
[EventDate "2016.??.??"]
[WhiteTeam "SV Empor Erfurt"]
[BlackTeam "Schachklub Weida"]

1. d4 d6 2. c4 e5 3. dxe5 dxe5 4. Qxd8+ Kxd8 5. Nc3 Be6 6. b3 Nd7 7. Bb2 Ne7 8.
O-O-O Nc6 9. g3 Nb4 10. Bh3 Bxh3 11. Nxh3 f6 12. f4 Nc6 13. fxe5 Ncxe5 14. Nf4
c6 15. Ne4 Kc7 16. Ne6+ Kc8 17. Bxe5 fxe5 18. Nd6+ Bxd6 19. Rxd6 Re8 20. Nxg7
Re7 21. Ne6 a5 22. Rhd1 Ra7 23. Kc2 a4 24. b4 Rf7 25. g4 h6 26. h4 c5 27. bxc5
Re7 28. g5 hxg5 29. hxg5 Ra6 30. Rxa6 bxa6 31. Rd6 Nb8 32. g6 Nd7 33. c6 1-0

[Event "Landesklasse Ost 2015/2016"]
[Site "?"]
[Date "2016.04.17"]
[Round "8"]
[White "Schumann, Robert"]
[Black "Elkhanov, Leonid"]
[Result "1-0"]
[WhiteElo "1824"]
[BlackElo "1827"]
[PlyCount "33"]
[EventDate "2016.??.??"]
[WhiteTeam "Schachklub Weida"]
[BlackTeam "SV Empor Erfurt"]

1. d4 d5 2. Nf3 Nc6 3. e3 a6 4. c3 Bg4 5. Nbd2 Nf6 6. Qc2 e6 7. Bd3 Bd6 8. O-O
O-O 9. h3 Bh5 10. Nh2 Bg6 11. e4 dxe4 12. Nxe4 Nxe4 13. Bxe4 Qd7 14. Nf3 Rab8
15. Re1 Ne7 16. Bg5 Bxe4 17. Qxe4 {Handy klingelt bei Schwarz} 1-0

[Event "Landesklasse Ost 2015/2016"]
[Site "?"]
[Date "2016.04.17"]
[Round "8"]
[White "Wagner, Uwe"]
[Black "Michalowski, Peter"]
[Result "0-1"]
[WhiteElo "1706"]
[BlackElo "2005"]
[PlyCount "74"]
[EventDate "2016.??.??"]
[WhiteTeam "Schachklub Weida"]
[BlackTeam "SV Empor Erfurt"]

1. Nf3 Nf6 2. b3 d5 3. Bb2 Bg4 4. e3 Nbd7 5. Be2 e6 6. O-O Bd6 7. d3 O-O 8.
Nbd2 c6 9. c4 Qe7 10. Nd4 Bxe2 11. Qxe2 Rac8 12. f4 Bb8 13. g4 e5 14. Nf5 Qe6
15. fxe5 Nxe5 16. g5 Ne8 17. d4 Ng6 18. Rf3 Nd6 19. Raf1 Nxf5 20. Rxf5 Rce8 21.
Nb1 dxc4 22. bxc4 Bd6 23. Bc1 Nh4 24. R5f2 g6 25. Nc3 Nf5 26. Nd1 Nxd4 27. Qd2
Nf5 28. Qc3 Be5 29. Qb3 Re7 30. Ba3 Bd6 31. Bb2 Be5 32. Ba3 Bd6 33. Bb2 Nxe3
34. Nxe3 Qxe3 35. Qxe3 Rxe3 36. Bf6 Bc5 37. Rf3 Rxf3+ 0-1

[Event "Landesklasse Ost 2015/2016"]
[Site "?"]
[Date "2016.04.17"]
[Round "8"]
[White "Heinke, Jasper"]
[Black "Urban, Bernd"]
[Result "1/2-1/2"]
[WhiteElo "1871"]
[BlackElo "1739"]
[PlyCount "136"]
[EventDate "2016.??.??"]
[WhiteTeam "SV Empor Erfurt"]
[BlackTeam "Schachklub Weida"]

1. d4 d5 2. c4 e6 3. Nc3 Nf6 4. Nf3 Be7 5. Bf4 O-O 6. e3 b6 7. cxd5 exd5 8. Bd3
Ba6 9. Ne5 Bxd3 10. Qxd3 c5 11. dxc5 Bxc5 12. O-O d4 13. Nb5 Nh5 14. Qe4 Nd7
15. exd4 Ndf6 16. Qf3 Nxf4 17. Qxf4 Bd6 18. Rad1 a6 19. Nxd6 Qxd6 20. Qf3 Rac8
21. Qd3 b5 22. Rfe1 Nd5 23. a3 f6 24. Ng4 Rc4 25. Ne3 Nxe3 26. Qxe3 Rd8 27. d5
Rc5 28. Qe6+ Kf8 29. g3 a5 30. Qh3 h6 31. Re6 Qd7 32. Qf5 Rxd5 33. Rxd5 Qxd5
34. Qxd5 Rxd5 35. Rb6 a4 36. Kg2 h5 37. h4 Kf7 38. Kf3 g5 39. hxg5 Rxg5 40. Kf4
Kg6 41. Kf3 Re5 42. Kg2 Kf5 43. Kh3 Rd5 44. Kh4 Kg6 45. g4 hxg4 46. Kxg4 Rc5
47. f4 Rd5 48. Rb8 Rc5 49. f5+ Kh6 50. Rb6 Kg7 51. Kf4 Rc4+ 52. Ke3 Rc5 53. Ke4
Re5+ 54. Kf4 Rc5 55. Kg4 Rd5 56. Rb7+ Kf8 57. Rc7 Rd2 58. Kh5 Rxb2 59. Kg6 Rb3
60. Kxf6 Ke8 61. Re7+ Kf8 62. Rb7 Ke8 63. Rb6 Rxa3 64. Rxb5 Rf3 65. Re5+ Kd8
66. Ra5 a3 67. Kf7 a2 68. Rxa2 Rxf5+ 1/2-1/2

[Event "Landesklasse Ost 2015/2016"]
[Site "?"]
[Date "2016.04.17"]
[Round "8"]
[White "Heine, Mario"]
[Black "Bethge, Johanna"]
[Result "1/2-1/2"]
[WhiteElo "1774"]
[BlackElo "1558"]
[PlyCount "136"]
[EventDate "2016.??.??"]
[WhiteTeam "Schachklub Weida"]
[BlackTeam "SV Empor Erfurt"]

1. d4 d5 2. Nf3 Nf6 3. e3 c5 4. c3 Qc7 5. Bd3 Bg4 6. Nbd2 Nbd7 7. Qc2 e5 8.
Nxe5 Nxe5 9. dxe5 Qxe5 10. h3 Bh5 11. Bb5+ Nd7 12. Qa4 Qd6 13. c4 Bg6 14. Bxd7+
Qxd7 15. Qxd7+ Kxd7 16. cxd5 Re8 17. O-O f5 18. Rd1 Bf7 19. Nb1 g6 20. Nc3 Bg7
21. Rb1 a6 22. Bd2 Kd6 23. Ne2 Rhg8 24. Bc3 b5 25. Bxg7 Rxg7 26. Rd2 Bg8 27. h4
h6 28. Rbd1 Rd7 29. Nf4 Bf7 30. Ne6 Rde7 31. Nf4 Rd7 32. a3 Red8 33. Rc1 c4 34.
Rcd1 Ke5 35. Rd4 Rd6 36. f3 Bxd5 37. Kf2 Bf7 38. Rxd6 Rxd6 39. Rxd6 Kxd6 40.
Ke2 Ke5 41. Kd2 a5 42. Kc3 Be8 43. Ne2 Bc6 44. Nf4 Be8 45. a4 g5 46. hxg5 hxg5
47. Ne2 b4+ 48. Kxc4 Bxa4 49. Kc5 g4 50. Nd4 gxf3 51. gxf3 f4 52. exf4+ Kxf4
53. Kb6 Bd1 54. Kxa5 b3 55. Kb4 Ke3 56. Nxb3 Bxf3 57. Kc3 Bc6 58. Nc5 Kf4 59.
Kd4 Kf5 60. Nd3 Ke6 61. Kc5 Ba4 62. Kb6 Kd5 63. Nc5 Be8 64. b4 Kc4 65. Ka5 Bc6
66. Ne6 Bd7 67. Nf8 Be8 68. Nh7 Bc6 1/2-1/2

[Event "Landesklasse Ost 2015/2016"]
[Site "?"]
[Date "2016.04.17"]
[Round "8"]
[White "Thiemann, Jürgen"]
[Black "Lehmann, Volkhard"]
[Result "1/2-1/2"]
[WhiteElo "1692"]
[BlackElo "1668"]
[PlyCount "30"]
[EventDate "2016.??.??"]
[WhiteTeam "SV Empor Erfurt"]
[BlackTeam "Schachklub Weida"]

1. d4 d5 2. c4 dxc4 3. Nf3 Nf6 4. Nc3 Bf5 5. Qa4+ Nbd7 6. Qxc4 e6 7. Bg5 Be7 8.
e3 O-O 9. Be2 c6 10. O-O Bc2 11. Bd1 Bg6 12. Ne2 Rc8 13. Qb3 b6 14. Ng3 c5 15.
Rc1 cxd4 1/2-1/2

[Event "Landesklasse Ost 2015/2016"]
[Site "?"]
[Date "2016.04.17"]
[Round "8"]
[White "Stumm, Rainer"]
[Black "Ulrich, Thomas"]
[Result "1/2-1/2"]
[WhiteElo "1558"]
[BlackElo "1467"]
[PlyCount "26"]
[EventDate "2016.??.??"]
[WhiteTeam "SV Medizin Erfurt"]
[BlackTeam "SV Empor Erfurt"]

1. e4 e5 2. Nf3 Nc6 3. Bb5 a6 4. Ba4 b5 5. Bb3 Be7 6. O-O Nf6 7. Re1 O-O 8. c3
d5 9. exd5 Nxd5 10. Nxe5 Nxe5 11. Rxe5 c6 12. d3 Bd6 13. Rh5 g6 1/2-1/2

[Event "Landesklasse Ost 2015/2016"]
[Site "?"]
[Date "2016.04.17"]
[Round "8"]
[White "Sack, Matthias"]
[Black "Neubauer, Ralf"]
[Result "1/2-1/2"]
[WhiteElo "1949"]
[BlackElo "1840"]
[PlyCount "99"]
[EventDate "2016.??.??"]
[WhiteTeam "SV Hermsdorf"]
[BlackTeam "SV Schott Jena"]

1. e4 c5 2. Nf3 d6 3. Bb5+ Bd7 4. Bxd7+ Qxd7 5. O-O Nc6 6. c3 Nf6 7. Re1 g6 8.
d4 e5 9. Bg5 Bg7 10. d5 Ne7 11. a4 h6 12. Bxf6 Bxf6 13. Qb3 a6 14. a5 O-O 15.
Nbd2 Rac8 16. Nc4 Rc7 17. h3 Kh7 18. Rad1 Nc8 19. Ne3 Bg5 20. Nxg5+ hxg5 21. f3
f5 22. Qc2 fxe4 23. fxe4 Qd8 24. Rf1 Rcf7 25. Nc4 b5 26. axb6 Nxb6 27. Ne3 Rf4
28. Ng4 Kg7 29. Qe2 c4 30. g3 Rxf1+ 31. Rxf1 Rxf1+ 32. Qxf1 Na4 33. Qf2 Qb6 34.
Qxb6 Nxb6 35. Ne3 Kf6 36. Kf2 Ke7 37. Ke2 Kf7 38. Kd2 Ke7 39. Kc2 Kd7 40. Kd2
Ke7 41. Kc2 Kd7 42. Kb1 Ke7 43. Ka2 Kd7 44. Ka3 a5 45. Nf1 Ke7 46. Nd2 Kf7 47.
b3 cxb3 48. Kxb3 Ke7 49. Nc4 Nd7 50. Nd2 1/2-1/2

[Event "Landesklasse Ost 2015/2016"]
[Site "?"]
[Date "2016.04.17"]
[Round "8"]
[White "Richter, Sebastian"]
[Black "Hadlich, Gerald"]
[Result "1/2-1/2"]
[WhiteElo "1761"]
[BlackElo "1808"]
[PlyCount "44"]
[EventDate "2016.??.??"]
[WhiteTeam "SV Schott Jena"]
[BlackTeam "SV Hermsdorf"]

1. e4 e6 2. d4 d5 3. Nc3 Bb4 4. e5 c5 5. a3 Bxc3+ 6. bxc3 Qa5 7. Bd2 Qa4 8. Qb1
c4 9. h4 Ne7 10. Ne2 Nbc6 11. g3 Bd7 12. Bg2 O-O-O 13. O-O h6 14. Qb2 Rdg8 15.
Rfb1 b6 16. Qc1 Na5 17. Rb4 Qc6 18. a4 Qc7 19. Rab1 Nec6 20. Rb5 Ne7 21. R5b4
Nec6 22. Rb5 Ne7 1/2-1/2

[Event "Landesklasse Ost 2015/2016"]
[Site "?"]
[Date "2016.04.17"]
[Round "8"]
[White "Schulz, Phillip"]
[Black "Seifert, Michael"]
[Result "1/2-1/2"]
[WhiteElo "1690"]
[BlackElo "1828"]
[PlyCount "63"]
[EventDate "2016.??.??"]
[WhiteTeam "SV Hermsdorf"]
[BlackTeam "SV Schott Jena"]

1. d4 d5 2. c4 e6 3. Nf3 Nf6 4. g3 c6 5. Bg2 Bd6 6. O-O O-O 7. b3 Nbd7 8. Bb2
Ne4 9. Nc3 f5 10. Nxe4 fxe4 11. Ne5 Nxe5 12. dxe5 Bc7 13. f3 exf3 14. exf3 Qe7
15. Kh1 Bd7 16. f4 Be8 17. Qc1 Ba5 18. Ba3 Bb4 19. Bxb4 Qxb4 20. Bh3 Qe7 21.
Qc3 Bg6 22. Bg2 Rad8 23. Rad1 Qc5 24. Rd4 Rc8 25. b4 Qe7 26. c5 Bf5 27. Rd2 Rc7
28. Qd4 Rb8 29. h3 h5 30. Kh2 b6 31. Bf3 bxc5 32. bxc5 1/2-1/2

[Event "Landesklasse Ost 2015/2016"]
[Site "?"]
[Date "2016.04.17"]
[Round "8"]
[White "Pietzsch, Gerhard"]
[Black "Bönisch, Julian"]
[Result "1-0"]
[WhiteElo "1846"]
[BlackElo "1615"]
[PlyCount "73"]
[EventDate "2016.??.??"]
[WhiteTeam "SV Hermsdorf"]
[BlackTeam "SV Schott Jena"]

1. e4 e6 2. d4 d5 3. Nd2 c5 4. exd5 Qxd5 5. dxc5 Bxc5 6. Ngf3 Nf6 7. Bc4 Qd6 8.
O-O Bb6 9. Qe2 O-O 10. Ne4 Nxe4 11. Qxe4 Nd7 12. Bf4 Qb4 13. Bc1 Nf6 14. Qe2
Bd7 15. c3 Qa4 16. Ne5 Rfd8 17. Nxd7 Qxd7 18. Bg5 Qe7 19. Rad1 h6 20. Bh4 a6
21. Bb3 Rac8 22. Qf3 g5 23. Bg3 Rxd1 24. Rxd1 Rd8 25. Be5 Rxd1+ 26. Bxd1 Nd5
27. Qh5 f6 28. Qg6+ Qg7 29. Qe8+ Qf8 30. Qxe6+ Qf7 31. Qc8+ Kg7 32. Bd6 Nc7 33.
Bb3 Qe8 34. Qxe8 Nxe8 35. Bg3 f5 36. Be5+ Nf6 37. Bd5 1-0

[Event "Landesklasse Ost 2015/2016"]
[Site "?"]
[Date "2016.04.17"]
[Round "8"]
[White "Schmiedehausen, Thomas"]
[Black "Baulig, Manuel"]
[Result "1/2-1/2"]
[WhiteElo "1527"]
[BlackElo "1659"]
[PlyCount "79"]
[EventDate "2016.??.??"]
[WhiteTeam "SV Schott Jena"]
[BlackTeam "SV Hermsdorf"]

1. e4 e6 2. d4 d5 3. Nc3 Bb4 4. e5 c5 5. Bd2 Ne7 6. Nf3 Bxc3 7. bxc3 Nbc6 8.
Bd3 Bd7 9. O-O Qc7 10. Re1 c4 11. Bf1 h6 12. Kh1 O-O-O 13. Qc1 Rdf8 14. Bf4 g5
15. Bd2 Ng6 16. a4 f6 17. exf6 Rxf6 18. Ne5 Ngxe5 19. dxe5 Rxf2 20. Be3 Rf5 21.
Bg1 Rxe5 22. Rxe5 Qxe5 23. Qd2 Rf8 24. Rd1 Qg7 25. Be2 Rf5 26. h3 Qf7 27. a5
Qe7 28. Ra1 Be8 29. Bg4 Rf6 30. Be2 Bg6 31. Bf3 Qd7 32. Be2 Qd8 33. Bf3 Qc7 34.
Bh2 Qd7 35. Bg1 a6 36. Bb6 Qd6 37. Rd1 Qf4 38. Be3 Qd6 39. Bb6 Qa3 40. Be2
1/2-1/2

[Event "Landesklasse Ost 2015/2016"]
[Site "?"]
[Date "2016.04.17"]
[Round "8"]
[White "Sperhake, Franz"]
[Black "Falk, Peter"]
[Result "1/2-1/2"]
[WhiteElo "1750"]
[BlackElo "1549"]
[PlyCount "30"]
[EventDate "2016.??.??"]
[WhiteTeam "SV Hermsdorf"]
[BlackTeam "SV Schott Jena"]

1. d4 Nf6 2. Bg5 d5 3. Nf3 Bg4 4. e3 e6 5. Be2 Be7 6. O-O O-O 7. c4 c6 8. Ne5
Bxe2 9. Qxe2 Nbd7 10. Nc3 Nxe5 11. dxe5 Nd7 12. Bxe7 Qxe7 13. f4 f6 14. exf6
Nxf6 15. Rad1 Rae8 1/2-1/2

[Event "Landesklasse Ost 2015/2016"]
[Site "?"]
[Date "2016.04.17"]
[Round "8"]
[White "Seliokaite, Ana"]
[Black "Pietsch, Karsten"]
[Result "0-1"]
[WhiteElo "1140"]
[BlackElo "1668"]
[PlyCount "66"]
[EventDate "2016.??.??"]
[WhiteTeam "SV Schott Jena"]
[BlackTeam "SV Hermsdorf"]

1. e4 Nf6 2. Nc3 d6 3. Nf3 g6 4. d4 Bg7 5. Bc4 c6 6. e5 Ng4 7. exd6 Qxd6 8. h3
Nf6 9. O-O O-O 10. Re1 b5 11. Bb3 a5 12. a4 b4 13. Ne4 Nxe4 14. Rxe4 c5 15. d5
Bf5 16. Re3 Na6 17. c4 Bf6 18. Bc2 Bxc2 19. Qxc2 Nc7 20. Re4 Qd8 21. Bf4 Ra6
22. Rd1 Ne8 23. b3 Nd6 24. Re3 Nf5 25. Red3 Kg7 26. Ng5 h6 27. Ne4 Bd4 28. g4
Nd6 29. Ng3 e5 30. Be3 f5 31. gxf5 Nxf5 32. Bxd4 Nxd4 33. Qd2 Nf3+ 0-1

[Event "Landesklasse West 2015/2016"]
[Site "?"]
[Date "2016.03.13"]
[Round "7"]
[White "Minor, Viatcheslav"]
[Black "Essegern, Kurt"]
[Result "1/2-1/2"]
[WhiteElo "1914"]
[BlackElo "1965"]
[PlyCount "26"]
[EventDate "2016.??.??"]
[WhiteTeam "SV Wartburgstadt Eisenach"]
[BlackTeam "Randspringer Bad Salzungen"]

1. e4 c5 2. c3 Nf6 3. e5 Nd5 4. d4 cxd4 5. Nf3 d6 6. cxd4 Nc6 7. Bc4 Nb6 8. Bb5
dxe5 9. Nxe5 Bd7 10. Nc3 Nxe5 11. dxe5 Bxb5 12. Qxd8+ Rxd8 13. Nxb5 a6 1/2-1/2

[Event "Landesklasse West 2015/2016"]
[Site "?"]
[Date "2016.03.13"]
[Round "7"]
[White "Hübschmann, Holger"]
[Black "Neef, Michael"]
[Result "1-0"]
[WhiteElo "1903"]
[BlackElo "1866"]
[PlyCount "71"]
[EventDate "2016.??.??"]
[WhiteTeam "Randspringer Bad Salzungen"]
[BlackTeam "SV Wartburgstadt Eisenach"]

1. Nf3 d5 2. c4 c6 3. b3 e6 4. Bb2 Nd7 5. e3 Ngf6 6. Be2 Be7 7. O-O O-O 8. Qc2
h6 9. d3 Re8 10. e4 dxe4 11. dxe4 Qc7 12. e5 Nh7 13. Nbd2 b6 14. Rad1 Nc5 15.
b4 Nb7 16. Bd3 Nf8 17. Bc3 Rd8 18. Rfe1 Bd7 19. Ne4 Be8 20. Qc1 Ng6 21. g3 Bf8
22. h4 Be7 23. h5 Nf8 24. Nf6+ Kh8 25. g4 Rxd3 26. Rxd3 Rd8 27. Rxd8 Qxd8 28.
Rd1 Qc8 29. Qf4 a5 30. a3 axb4 31. axb4 c5 32. b5 Qa8 33. g5 hxg5 34. Nxg5 gxf6
35. exf6 Bd6 36. Nxf7+ 1-0

[Event "Landesklasse West 2015/2016"]
[Site "?"]
[Date "2016.03.13"]
[Round "7"]
[White "Königsdörfer, Gerhard"]
[Black "Essegern, Uwe"]
[Result "1-0"]
[WhiteElo "1897"]
[BlackElo "1850"]
[PlyCount "59"]
[EventDate "2016.??.??"]
[WhiteTeam "SV Wartburgstadt Eisenach"]
[BlackTeam "Randspringer Bad Salzungen"]

1. e4 d6 2. d4 Nf6 3. Nc3 g6 4. Nf3 Bg7 5. h3 O-O 6. Be3 c6 7. a4 Qa5 8. Nd2 d5
9. e5 Ne4 10. Ncxe4 dxe4 11. c3 c5 12. Nb3 Qb6 13. a5 Qc7 14. Nxc5 f5 15. exf6
exf6 16. Qb3+ Kh8 17. g3 f5 18. Bf4 Qe7 19. h4 Nc6 20. Be2 h6 21. Qb5 a6 22.
Qb6 Qd8 23. Qxd8 Nxd8 24. Bc4 Re8 25. Bd5 Kh7 26. Kd2 Bf8 27. Na4 Be6 28. Nb6
Bxd5 29. Nxd5 Ne6 30. Nf6+ 1-0

[Event "Landesklasse West 2015/2016"]
[Site "?"]
[Date "2016.03.13"]
[Round "7"]
[White "Schulz, Tilo"]
[Black "Graupner, Markus"]
[Result "1-0"]
[WhiteElo "1870"]
[BlackElo "1700"]
[PlyCount "61"]
[EventDate "2016.??.??"]
[WhiteTeam "Randspringer Bad Salzungen"]
[BlackTeam "SV Wartburgstadt Eisenach"]

1. e4 d6 2. d4 Nf6 3. Nc3 c6 4. Be2 Qa5 5. Bf3 e5 6. Nge2 Bg4 7. Bxg4 Nxg4 8.
f3 Nf6 9. Be3 Be7 10. O-O Nbd7 11. Qd2 O-O 12. Rad1 Rad8 13. Nd5 Qxd2 14. Nxe7+
Kh8 15. Rxd2 g6 16. Ng3 Rde8 17. Ngf5 gxf5 18. Nxf5 h5 19. Nxd6 Re6 20. Nf5 Kh7
21. Rfd1 Nb6 22. b3 Nbd7 23. c4 a6 24. d5 cxd5 25. cxd5 Ree8 26. Rc1 Rc8 27.
Rdc2 Rxc2 28. Rxc2 Kg6 29. Rc7 Rd8 30. Rxb7 Nxd5 31. Nh4+ 1-0

[Event "Landesklasse West 2015/2016"]
[Site "?"]
[Date "2016.03.13"]
[Round "7"]
[White "Anschütz, Bernd"]
[Black "Feldmann, Bernd"]
[Result "1/2-1/2"]
[WhiteElo "1728"]
[BlackElo "1852"]
[PlyCount "35"]
[EventDate "2016.??.??"]
[WhiteTeam "SV Wartburgstadt Eisenach"]
[BlackTeam "Randspringer Bad Salzungen"]

1. e4 e6 2. d4 d5 3. exd5 exd5 4. Bd3 Bd6 5. Ne2 Ne7 6. Nbc3 c6 7. Bf4 Bg4 8.
Qd2 O-O 9. Bxd6 Qxd6 10. O-O-O b5 11. h3 Bh5 12. g4 Bg6 13. Qf4 Qd8 14. h4 Qa5
15. a3 b4 16. axb4 Qxb4 17. h5 Bxd3 18. Rxd3 1/2-1/2

[Event "Landesklasse West 2015/2016"]
[Site "?"]
[Date "2016.03.13"]
[Round "7"]
[White "Roth, Ralf"]
[Black "Ulbricht, Olaf"]
[Result "1-0"]
[WhiteElo "1789"]
[BlackElo "1571"]
[PlyCount "45"]
[EventDate "2016.??.??"]
[WhiteTeam "Randspringer Bad Salzungen"]
[BlackTeam "SV Wartburgstadt Eisenach"]

1. d4 d5 2. Nf3 g6 3. c3 Bg7 4. g3 Nf6 5. Bg2 O-O 6. O-O c6 7. Nbd2 Bf5 8. Nh4
Bd7 9. e4 dxe4 10. Nxe4 Nxe4 11. Bxe4 Bh3 12. Re1 f5 13. Qb3+ Kh8 14. Qxb7 fxe4
15. Qxa8 Qd5 16. Be3 Bf6 17. Ng2 Qd7 18. d5 Rd8 19. Qxa7 Qxd5 20. Nf4 Qf5 21.
Rad1 Re8 22. Qc7 Be5 23. Qxe5+ 1-0

[Event "Landesklasse West 2015/2016"]
[Site "?"]
[Date "2016.03.13"]
[Round "7"]
[White "Becker, Walter"]
[Black "Kunze, Heinz"]
[Result "1/2-1/2"]
[WhiteElo "1475"]
[BlackElo "1661"]
[PlyCount "42"]
[EventDate "2016.??.??"]
[WhiteTeam "SV Wartburgstadt Eisenach"]
[BlackTeam "Randspringer Bad Salzungen"]

1. Nf3 Nf6 2. c4 e6 3. g3 d5 4. Bg2 Nbd7 5. b3 Bd6 6. Bb2 O-O 7. d4 Ne4 8. O-O
f5 9. c5 Be7 10. e3 c6 11. Nbd2 Ndf6 12. Ne5 Bd7 13. b4 Be8 14. f3 Nxd2 15.
Qxd2 Nd7 16. Rad1 Nxe5 17. dxe5 Bh5 18. Rc1 Bg5 19. Bd4 Bg6 20. a4 Qd7 21. a5
a6 {Rest unleserlich} 1/2-1/2

[Event "Landesklasse West 2015/2016"]
[Site "?"]
[Date "2016.03.13"]
[Round "7"]
[White "Mäurer, Michael"]
[Black "Mekus, Stephanie"]
[Result "0-1"]
[WhiteElo "1525"]
[BlackElo "1541"]
[PlyCount "64"]
[EventDate "2016.??.??"]
[WhiteTeam "Randspringer Bad Salzungen"]
[BlackTeam "SV Wartburgstadt Eisenach"]

1. d4 e6 2. f4 d5 3. Nf3 c5 4. e3 Nc6 5. c3 Bd6 6. Bd3 c4 7. Bc2 Nf6 8. Nbd2 b5
9. a3 a5 10. Ne5 Bd7 11. Nxd7 Qxd7 12. O-O O-O 13. e4 dxe4 14. Nxe4 b4 15.
Nxf6+ gxf6 16. Qh5 f5 17. Rf3 f6 18. Qh6 b3 19. Bd1 Kh8 20. Rg3 Rf7 21. Bh5 Bf8
22. Bxf7 Bxh6 23. Bh5 Rg8 24. Rxg8+ Kxg8 25. Bf3 Qd6 26. g3 Bg7 27. Be3 Ne7 28.
Rd1 Nd5 29. Bf2 Nxc3 30. bxc3 Qxa3 31. Be2 b2 32. Bxc4 Qa1 0-1